| 000 | 00426nam a2200157Ia 4500 | ||
|---|---|---|---|
| 008 | 210210b1995 xxu||||| |||| 00| 0 eng d | ||
| 020 | _a81 7100 709 0 | ||
| 082 | _a320 MUKP | ||
| 100 | _aMUKHERJEE (Subrata) | ||
| 245 | _aPolitical science annual 1994-95. | ||
| 260 |
_aNew Delhi _bDeep & Deep Publications _c1995 |
||
| 300 | _axvi,459 | ||
| 690 | _aPolitical Theory | ||
| 700 | _aRAMASWAMY (Sushila) Ed. | ||
| 906 | _a050707 | ||
| 999 |
_c99392 _d99392 |
||